000 00710nam a22002177a 4500
005 20241203154622.0
010 _aENG-142797 ENG-142794
020 _a9789355326454(Vol 2)
_c1150.00
020 _a9789355328687(Vol 1)
_c1150.00
035 _aEN-126326
035 _aEN-126329
037 _bDBAD
082 _a488.0076
_24,5
245 _aOfficial TOEFL iBT Tests /
_cby N/A Educational Testing Service
250 _a4, 5
260 _aChennai
_bMcGraw Hill Education Private Ltd
_c2024
270 _aAnjana Complex No. 5/90 A, Butt Road, St Thomas Mount
_bChennai
_e600016
300 _a357p.,344p.
_c28cm(pb)
_bIndex
490 _vVol 1, Vol 2
942 _2ddc
_cEN
_mOFF
_h488.0076
_e4,5
999 _c207372
_d207372